<?xml version="1.0" encoding="UTF-8"?>
<record
    xmlns:xsi="http://www.w3.org/2001/XMLSchema-instance"
    xsi:schemaLocation="http://www.loc.gov/MARC21/slim http://www.loc.gov/standards/marcxml/schema/MARC21slim.xsd"
    xmlns="http://www.loc.gov/MARC21/slim">

  <leader>01658nam a2200193 a 4500</leader>
  <datafield tag="090" ind1=" " ind2=" ">
    <subfield code="a">IAVH</subfield>
    <subfield code="b">00632</subfield>
  </datafield>
  <datafield tag="041" ind1=" " ind2=" ">
    <subfield code="a">spa</subfield>
  </datafield>
  <datafield tag="100" ind1=" " ind2=" ">
    <subfield code="a">Fagua, Jos&#xE9; Camilo</subfield>
    <subfield code="9">604</subfield>
  </datafield>
  <datafield tag="245" ind1=" " ind2=" ">
    <subfield code="a">Caracterizaci&#xF3;n y dise&#xF1;o de un plan de monitoreo para una poblaci&#xF3;n de Aniba perutitilis Hemsley (Lauraceae), en el ca&#xF1;&#xF3;n del r&#xED;o Barbas</subfield>
  </datafield>
  <datafield tag="260" ind1=" " ind2=" ">
    <subfield code="a">Bogot&#xE1;</subfield>
    <subfield code="b">Instituto Alexander von Humboldt</subfield>
    <subfield code="c">2005</subfield>
  </datafield>
  <datafield tag="300" ind1=" " ind2=" ">
    <subfield code="a">66 p.</subfield>
  </datafield>
  <datafield tag="520" ind1=" " ind2=" ">
    <subfield code="a">En la primera parte se realiz&#xF3; un esbozo sobe como se realiz&#xF3; la selecci&#xF3;n de la poblaci&#xF3;n de estudio de A. perutilis. Se estudi&#xF3; la importancia que tiene la topograf&#xED;a en la distribuci&#xF3;n de A. perutilis considerando que muchos de los relictos de bosque de la cordillera andina de Colombia, se conservan gracias a sus escarpados relieves. Al final se explica el plan de monitoreo de la especie en cuatro fragmentos de bosque muy h&#xFA;medo premontano de la regi&#xF3;n cafetera de Colombia, basado en lo que ser&#xED;a un estudio de din&#xE1;mica poblacional empleando matrices de proyecci&#xF3;n. Se destaca un estudio de caso en el ca&#xF1;&#xF3;n del r&#xED;o Barbas, en el que se presentan los lugares donde deber&#xED;an ubicarse las parcelas de observaci&#xF3;n para un monitoreo. Se muestra c&#xF3;mo se calcul&#xF3; el tama&#xF1;o m&#xED;nimo de las parcelas y se describe el seguimiento que se deba hacer en campo. Adem&#xE1;s se explican te&#xF3;ricamente los estad&#xED;sticos poblacionales que se pueden calcular para monitorear a Aniba perutilis.</subfield>
  </datafield>
  <datafield tag="650" ind1=" " ind2=" ">
    <subfield code="a">Topograf&#xED;a</subfield>
    <subfield code="9">605</subfield>
  </datafield>
  <datafield tag="650" ind1=" " ind2=" ">
    <subfield code="a">Monitoreo</subfield>
    <subfield code="9">55</subfield>
  </datafield>
  <datafield tag="650" ind1=" " ind2=" ">
    <subfield code="a">Bosque muy h&#xFA;medo premontano</subfield>
    <subfield code="9">607</subfield>
  </datafield>
  <datafield tag="650" ind1=" " ind2=" ">
    <subfield code="a">Din&#xE1;mica poblacional</subfield>
    <subfield code="9">608</subfield>
  </datafield>
  <datafield tag="650" ind1=" " ind2=" ">
    <subfield code="a">Estad&#xED;stica de poblaciones</subfield>
    <subfield code="9">609</subfield>
  </datafield>
  <datafield tag="662" ind1=" " ind2=" ">
    <subfield code="a">Colombia</subfield>
    <subfield code="c">R&#xED;o Barbas</subfield>
    <subfield code="b">Risaralda</subfield>
  </datafield>
  <datafield tag="999" ind1=" " ind2=" ">
    <subfield code="c">6137</subfield>
    <subfield code="d">6137</subfield>
  </datafield>
</record>
